| 000 | 00000nam##2200000za#4500 |
| 001 | 9.647017 |
| 003 | CaOODSP |
| 005 | 20240209132408 |
| 007 | ta |
| 008 | 150407|1997||||xxc||||| f|0| 0 eng|d |
| 020 | |a0-662-26968-3 |
| 040 | |aCaOODSP|beng |
| 043 | |an-cn--- |
| 086 | 1 |aC89-39/1997E |
| 110 | 2 |aAtlantic Canada Opportunities Agency. |
| 245 | 10|aOpportunities for biotechnology-based business in Atlantic Canada / |cPrepared by Bicon Consulting Associates. |
| 260 | |aMoncton - New Brunswick : |bAtlantic Canada Opportunities Agency |c1997. |
| 300 | |a43p. : |bfigs., references, tables ; |c28 cm. |
| 500 | |aPrepared for the Atlantic Agri-Products Competitiveness Council and the Atlantic Canada Opportunities Agency. "Three bio-technology issues provide the focus of this study: 1. Current trends in private sector R&D activities. [...] 2. The current and future role of government as a regulator, broker and facilitator for the biotechnology sector in Atlantic Canada was studied. [...] 3. The most effective focus for action to increase biotechnology-based business formation in Atlantic Canada."--Page 7. |
| 520 | 3 |aThree bio-technology issues provide the focus of this study: 1. Current trends in private sector R&D activities. [...] 2. The current and future role of government as a regulator, broker and facilitator for the biotechnology sector in Atlantic Canada was studied. [...] 3. The most effective focus for action to increase biotechnology-based business formation in Atlantic Canada.--Page 7 |
| 563 | |aRing binding |
| 590 | |a98-33|b1998-08-14 |
| 690 | 07|aBiotechnology|2gcpds |
| 775 | 08|tPerspectives d'avenir pour les entreprises fondées sur la biotechnologie au Canada atlantique / |w(CaOODSP)9.680497 |
| 776 | 0#|tOpportunities for biotechnology-based business in Atlantic Canada / |w(CaOODSP)9.695211 |